000
00256nam a2200085Ia 4500
245
0
_a
Set in stone
100
_a
DUNNE, Catherine Rearsby, Leicester, 2010 - [c.2009] Large print ed
_9
77756
942
_c
BK
008
210817s9999 xx 000 0 und d
999
_c
266755
_d
266754